| 000 | 00471nam a2200157 4500 | ||
|---|---|---|---|
| 999 |
_c509007 _d509007 |
||
| 008 | 190417b ||||| |||| 00| 0 eng d | ||
| 100 |
_aRajkhowa, Gaurav _94578 |
||
| 245 | _aThe citizen finds a home: identity politics in Karbi Anglong | ||
| 260 | _c2018 | ||
| 300 | _ap.17-20. | ||
| 700 |
_aTamuliphukan, Ankur _94579 |
||
| 700 |
_aBoruah, Bidyut Sagar _94580 |
||
| 773 | _aEconomic and Political Weekly | ||
| 906 | _aCitizenship - India - Assam | ||
| 942 |
_2ddc _cAR |
||